| 000 | 01549cam a2200313 i 4500 | ||
|---|---|---|---|
| 001 | 768714001 | ||
| 003 | CO-MdFUSB | ||
| 005 | 20231122101122.0 | ||
| 007 | ta | ||
| 008 | 170227t1968 enk||||f |||| 00| 0 eng d | ||
| 040 |
_aCO-MdFUSB _bspa _cCO-MdFUSB _dCO-MdFUSB _erda |
||
| 041 | 0 | _aeng | |
| 082 | 0 | 4 |
_a24 _2G 230.09 _bN532n |
| 100 | 1 | _aHordern, William E., (Editor general) | |
| 245 | 0 | 0 |
_aNew directions in theology today _c/ Editado por William Hordern |
| 264 | 1 |
_aLondon, England: Lutterworth Press, _bThe Lutterworth Press, _c[1968] |
|
| 264 | 4 | _c©1968 | |
| 300 |
_a2 volúmenes _b21 cm. _c; |
||
| 336 |
_2rdacontent _atexto _btxt |
||
| 337 |
_2rdamedia _asin mediación _bn |
||
| 338 |
_2rdacarrier _avolumen _bnc |
||
| 501 | _aIncluye indices (p. 199- 205) | ||
| 505 | 0 | 0 | _aVolumen 1: Introducción (William Hordern) : Teología en tránsito - El debate desmitologización - Historia y kerygma - El nuevo rostro del conservatismo - La santificación redescubierta - Más allá de la religión cristiana mundanal- Teología en diálogo. |
| 505 | 0 | 0 | _aVolumen 2: Historia y hermeneútica (Carl E. Braaten) : La idea de revelación a través de la historia - Teología y el método histórico-crítico - Nuestro conocimiento del Jesús histórico - El hecho histórico de la resurrección - "Heilsgeschichte" y el Antiguo Testamento - Hermenéutica de la palabra y de la iglesia - Escatología y historia. |
| 650 | 0 |
_aTeología doctrinal _xHistoria _ySiglo XX _9159 |
|
| 942 | _cBK | ||
| 945 | _aJohan1477 | ||
| 999 |
_c34179 _d34179 |
||